Cuando los chicos quieren ir a la escuela
Enregistré dans:
| Auteur principal: | |
|---|---|
| Format: | Livre |
| Langue: | espagnol |
| Publié: |
Buenos Aires
Ministerio de Cultura y Educación
1990
|
| Collection: | Plan Social Educativo, 3
|
| Sujets: | |
| Tags: |
Ajouter un tag
Pas de tags, Soyez le premier à ajouter un tag!
|
MARC
| LEADER | 00000nam a2200000 a 4500 | ||
|---|---|---|---|
| 001 | UCO5655 | ||
| 003 | CL-VaPUC | ||
| 008 | 000908e19900000AG |||||||||||||||||spa|d | ||
| 082 | 0 | 4 | |a 370.193 |b ACK |2 21 |
| 100 | 0 | |a Ackerman, Rodolfo |e author |9 450371 | |
| 245 | 1 | 0 | |a Cuando los chicos quieren ir a la escuela |
| 300 | |a 24 p | ||
| 942 | |c BK | ||
| 945 | |d 20000908 00:00:00 |a rbrito | ||
| 260 | |a Buenos Aires |b Ministerio de Cultura y Educación |c 1990 | ||
| 500 | |a Proyecto 1: mejoramiento de la calidad de la educación | ||
| 500 | |a Programa I: mejor educación para todos | ||
| 500 | |a Experiencias, por una escuela para todos | ||
| 650 | 0 | |a Sociología de la educación |9 260380 | |
| 650 | 0 | |a Educación básica |9 224933 | |
| 583 | |a last modification |c 20000908 00:00:00 |k Rodrigo Vera | ||
| 490 | 0 | |a Plan Social Educativo, 3 | |
| 999 | |c 291499 |d 291497 | ||
| 952 | |0 0 |1 0 |4 0 |6 370_193000000000000_ACK_1990 |7 0 |8 P |9 341367 |a BIBEDU |b BIBEDU |c BIBEDU_PB |d 2019-11-20 |i 3600084 |o 370.193 ACK 1990 |p 3600084 |r 2024-01-25 |w 2019-11-20 |y BK |k BME | ||